[Event "Team Championship Russia (Blitz, Men)"]
[Site "Sochi"]
[Date "2018.10.10"]
[Round "10.34"]
[White "Ivlev, Aleksey"]
[Black "Diakonova, Ekaterina"]
[Result "1-0"]
[BlackElo "2065"]
[WhiteElo "2359"]
[LiveChessVersion "1.4.8"]

1. d4 {[%clk 0:03:03]} Nf6 {[%clk 0:03:03]} 2. c4 {[%clk 0:03:05]} c5
{[%clk 0:03:04]} 3. d5 {[%clk 0:03:06]} b5 {[%clk 0:03:05]} 4. Qc2
{[%clk 0:03:07]} b4 {[%clk 0:02:49]} 5. e4 {[%clk 0:03:08]} d6 {[%clk 0:02:50]}
6. Bd3 {[%clk 0:02:58]} g6 {[%clk 0:02:40]} 7. f4 {[%clk 0:02:56]} Bg7
{[%clk 0:02:36]} 8. Nf3 {[%clk 0:02:49]} Nfd7 {[%clk 0:02:03]} 9. O-O
{[%clk 0:02:48]} e5 {[%clk 0:01:56]} 10. fxe5 {[%clk 0:02:18]} Nxe5
{[%clk 0:01:54]} 11. Nxe5 {[%clk 0:02:19]} Bxe5 {[%clk 0:01:51]} 12. Nd2
{[%clk 0:02:20]} Bg4 {[%clk 0:01:04]} 13. Nf3 {[%clk 0:02:19]} Bxf3
{[%clk 0:01:02]} 14. gxf3 {[%clk 0:02:20]} Bd4+ {[%clk 0:00:32]} 15. Kh1
{[%clk 0:02:21]} O-O {[%clk 0:00:32]} 16. f4 {[%clk 0:01:50]} Qh4
{[%clk 0:00:31]} 17. Bd2 Nd7 18. Be1 {[%clk 0:01:25]} Qh3 {[%clk 0:00:30]} 19.
Bg3 {[%clk 0:01:22]} Nf6 {[%clk 0:00:28]} 20. Rab1 {[%clk 0:00:51]} Rae8
{[%clk 0:00:29]} 21. Qe2 {[%clk 0:00:21]} Nxe4 {[%clk 0:00:19]} 22. Bxe4 f5 23.
Qg2 {[%clk 0:00:21]} Qxg2+ {[%clk 0:00:15]} 24. Bxg2 {[%clk 0:00:22]} Re2 25.
Rfe1 {[%clk 0:00:10]} Rfe8 {[%clk 0:00:15]} 26. Bf3 {[%clk 0:00:09]} Rxe1+
{[%clk 0:00:15]} 27. Rxe1 {[%clk 0:00:10]} Rxe1+ {[%clk 0:00:16]} 28. Bxe1 Bxb2
{[%clk 0:00:17]} 29. Kg2 {[%clk 0:00:13]} Bc1 {[%clk 0:00:16]} 30. Kg3
{[%clk 0:00:15]} a5 {[%clk 0:00:16]} 31. Bd1 {[%clk 0:00:16]} Kf7
{[%clk 0:00:16]} 32. Kf3 {[%clk 0:00:17]} Kf6 {[%clk 0:00:17]} 33. Bh4+
{[%clk 0:00:17]} Kf7 {[%clk 0:00:18]} 34. Ba4 {[%clk 0:00:18]} h6
{[%clk 0:00:19]} 35. Bg3 {[%clk 0:00:10]} Bb2 {[%clk 0:00:18]} 36. h4
{[%clk 0:00:11]} Bc1 {[%clk 0:00:18]} 37. h5 {[%clk 0:00:12]} Bb2
{[%clk 0:00:17]} 38. hxg6+ {[%clk 0:00:13]} Kxg6 39. Be8+ {[%clk 0:00:13]} Kg7
{[%clk 0:00:18]} 40. Bh4 {[%clk 0:00:12]} Kf8 {[%clk 0:00:19]} 41. Bd7
{[%clk 0:00:13]} Kf7 {[%clk 0:00:15]} 42. Bxf5 {[%clk 0:00:14]} a4
{[%clk 0:00:16]} 43. Bc2 {[%clk 0:00:08]} b3 {[%clk 0:00:16]} 44. axb3 a3 45. Bb1
{[%clk 0:00:11]} h5 {[%clk 0:00:14]} 46. Ke4 {[%clk 0:00:11]} Kg6
{[%clk 0:00:07]} 47. Kf3+ {[%clk 0:00:11]} Kf7 {[%clk 0:00:08]} 48. Ke4 Kg6 49.
Be7 {[%clk 0:00:12]} h4 {[%clk 0:00:07]} 50. Bxh4 {[%clk 0:00:13]} Kf7
{[%clk 0:00:07]} 51. Kf5 {[%clk 0:00:14]} Bc3 {[%clk 0:00:07]} 52. Kg4
{[%clk 0:00:11]} Bb2 {[%clk 0:00:07]} 53. Kf3 {[%clk 0:00:12]} Bc3
{[%clk 0:00:08]} 54. Ke4 {[%clk 0:00:10]} Ba5 {[%clk 0:00:09]} 55. Bf2
{[%clk 0:00:11]} Bb4 {[%clk 0:00:10]} 56. Be3 {[%clk 0:00:12]} Ba5
{[%clk 0:00:11]} 57. Bc1 {[%clk 0:00:13]} Bb4 {[%clk 0:00:12]} 58. f5
{[%clk 0:00:14]} Kf6 {[%clk 0:00:13]} 59. Bf4 {[%clk 0:00:15]} Ke7
{[%clk 0:00:12]} 60. Bg5+ {[%clk 0:00:16]} Kf7 {[%clk 0:00:13]} 61. f6
{[%clk 0:00:15]} Ba5 {[%clk 0:00:14]} 62. Kf5 {[%clk 0:00:16]} Bd8
{[%clk 0:00:14]} 63. Bc1 {[%clk 0:00:16]} Bxf6 {[%clk 0:00:14]} 64. Bxa3
{[%clk 0:00:17]} Bc3 {[%clk 0:00:12]} 65. Bc1 {[%clk 0:00:18]} Bb4
{[%clk 0:00:12]} 66. Bf4 {[%clk 0:00:19]} Ke7 {[%clk 0:00:11]} 67. Kg6
{[%clk 0:00:20]} Bc3 {[%clk 0:00:11]} 68. Bg5+ {[%clk 0:00:21]} Kd7
{[%clk 0:00:12]} 69. Kf7 {[%clk 0:00:22]} Be5 {[%clk 0:00:12]} 70. Bf5+
{[%clk 0:00:23]} Kc7 {[%clk 0:00:13]} 71. Ke6 {[%clk 0:00:24]} Bg3
{[%clk 0:00:13]} 72. Bd2 {[%clk 0:00:25]} Be5 {[%clk 0:00:12]} 73. b4
{[%clk 0:00:26]} cxb4 {[%clk 0:00:12]} 74. Bxb4 {[%clk 0:00:28]} Bh2
{[%clk 0:00:12]} 75. Ba5+ {[%clk 0:00:28]} Kb7 {[%clk 0:00:12]} 76. Kd7
{[%clk 0:00:26]} Ka6 {[%clk 0:00:11]} 77. Bc7 {[%clk 0:00:27]} 1-0

[Event "Team Championship Russia (Blitz, Men)"]
[Site "Sochi"]
[Date "2018.10.10"]
[Round "10.36"]
[White "Uzhva, Andrey"]
[Black "Ivanova, Karina"]
[Result "1/2-1/2"]
[BlackElo "2092"]
[WhiteElo "2046"]
[LiveChessVersion "1.4.8"]

1. Nf3 {[%clk 0:03:03]} Nf6 {[%clk 0:03:02]} 2. g3 {[%clk 0:03:04]} b6 3. Bg2 Bb7
{[%clk 0:02:58]} 4. O-O {[%clk 0:03:06]} c5 {[%clk 0:02:57]} 5. c4
{[%clk 0:03:06]} e6 {[%clk 0:02:57]} 6. b3 {[%clk 0:03:02]} Be7 {[%clk 0:02:58]}
7. Bb2 {[%clk 0:03:04]} O-O {[%clk 0:02:58]} 8. d4 {[%clk 0:02:57]} cxd4
{[%clk 0:02:54]} 9. Nxd4 {[%clk 0:02:58]} Bxg2 {[%clk 0:02:54]} 10. Kxg2
{[%clk 0:02:59]} a6 {[%clk 0:02:33]} 11. Nc3 {[%clk 0:02:56]} Qc7
{[%clk 0:02:31]} 12. e4 {[%clk 0:02:51]} d6 {[%clk 0:02:29]} 13. Qe2
{[%clk 0:02:37]} Nbd7 {[%clk 0:02:13]} 14. Rfd1 {[%clk 0:02:32]} Rfd8
{[%clk 0:02:13]} 15. Rac1 {[%clk 0:02:33]} Rac8 {[%clk 0:02:14]} 16. f3
{[%clk 0:02:20]} Qb7 {[%clk 0:02:14]} 17. Ba3 {[%clk 0:01:51]} Ne5
{[%clk 0:01:52]} 18. Bb2 {[%clk 0:01:14]} Nc6 {[%clk 0:01:46]} 19. Qf2
{[%clk 0:01:09]} Nxd4 {[%clk 0:01:43]} 20. Qxd4 {[%clk 0:01:09]} b5
{[%clk 0:01:36]} 21. Ne2 {[%clk 0:01:02]} bxc4 {[%clk 0:01:28]} 22. Rxc4
{[%clk 0:01:04]} Rxc4 {[%clk 0:01:24]} 23. Qxc4 {[%clk 0:01:05]} d5
{[%clk 0:01:00]} 24. exd5 {[%clk 0:01:06]} Nxd5 {[%clk 0:00:52]} 25. Rd3
{[%clk 0:00:59]} h6 {[%clk 0:00:42]} 26. Qg4 {[%clk 0:00:50]} Bf8
{[%clk 0:00:43]} 27. Qe4 {[%clk 0:00:38]} Qc7 {[%clk 0:00:33]} 28. Nc3
{[%clk 0:00:34]} Nb4 {[%clk 0:00:24]} 29. Rxd8 {[%clk 0:00:35]} Qxd8
{[%clk 0:00:25]} 30. Qe2 {[%clk 0:00:32]} Qd3 {[%clk 0:00:23]} 31. a3
{[%clk 0:00:24]} Qxe2+ {[%clk 0:00:22]} 32. Nxe2 {[%clk 0:00:25]} Nd3
{[%clk 0:00:24]} 33. Bc3 {[%clk 0:00:19]} Bxa3 {[%clk 0:00:24]} 34. f4
{[%clk 0:00:17]} Bb4 {[%clk 0:00:22]} 35. Bd4 {[%clk 0:00:15]} g6
{[%clk 0:00:23]} 36. Kf3 {[%clk 0:00:15]} Nc5 {[%clk 0:00:23]} 37. Nc1
{[%clk 0:00:12]} f5 {[%clk 0:00:19]} 38. Bxc5 {[%clk 0:00:10]} Bxc5
{[%clk 0:00:20]} 39. Nd3 {[%clk 0:00:11]} Bd6 {[%clk 0:00:21]} 40. Ke3
{[%clk 0:00:11]} Kf8 {[%clk 0:00:21]} 41. Kd4 {[%clk 0:00:13]} Ke7
{[%clk 0:00:21]} 42. Kc4 {[%clk 0:00:12]} Kd7 {[%clk 0:00:21]} 43. b4
{[%clk 0:00:07]} Kc6 {[%clk 0:00:22]} 44. Ne1 {[%clk 0:00:03]} e5
{[%clk 0:00:21]} 45. fxe5 {[%clk 0:00:04]} Bxe5 {[%clk 0:00:22]} 46. Nf3
{[%clk 0:00:06]} Bf6 {[%clk 0:00:23]} 47. Nd2 {[%clk 0:00:03]} h5
{[%clk 0:00:22]} 48. Nf3 {[%clk 0:00:04]} Kd6 {[%clk 0:00:22]} 49. Ng1
{[%clk 0:00:04]} g5 {[%clk 0:00:22]} 50. h3 {[%clk 0:00:04]} g4 {[%clk 0:00:22]}
51. hxg4 {[%clk 0:00:05]} hxg4 {[%clk 0:00:23]} 52. Ne2 {[%clk 0:00:06]} Be5
{[%clk 0:00:23]} 53. b5 {[%clk 0:00:06]} axb5+ 54. Kxb5 {[%clk 0:00:08]} Kd5
{[%clk 0:00:25]} 55. Kb4 {[%clk 0:00:09]} Ke4 {[%clk 0:00:26]} 56. Kc3
{[%clk 0:00:10]} Kf3+ {[%clk 0:00:28]} 57. Kd3 {[%clk 0:00:11]} Bxg3
{[%clk 0:00:29]} 58. Nd4+ {[%clk 0:00:12]} Kf4 {[%clk 0:00:30]} 59. Ne2+
{[%clk 0:00:13]} Kf3 {[%clk 0:00:30]} 60. Nd4+ {[%clk 0:00:15]} Kf4
{[%clk 0:00:25]} 61. Ne2+ {[%clk 0:00:16]} Kg5 {[%clk 0:00:24]} 62. Nxg3
{[%clk 0:00:17]} f4 {[%clk 0:00:25]} 63. Ne4+ {[%clk 0:00:14]} Kh4
{[%clk 0:00:26]} 64. Ke2 {[%clk 0:00:15]} Kh3 {[%clk 0:00:27]} 65. Kf2
{[%clk 0:00:14]} Kh2 {[%clk 0:00:26]} 66. Nd2 {[%clk 0:00:05]} g3+
{[%clk 0:00:22]} 67. Ke2 {[%clk 0:00:05]} g2 {[%clk 0:00:22]} 68. Nf3+
{[%clk 0:00:06]} Kg3 {[%clk 0:00:20]} 69. Ng1 {[%clk 0:00:07]} Kh2
{[%clk 0:00:20]} 70. Kf2 {[%clk 0:00:09]} Kh1 {[%clk 0:00:15]} 71. Nf3
{[%clk 0:00:10]} g1=Q+ {[%clk 0:00:12]} 72. Nxg1 {[%clk 0:00:11]} f3
{[%clk 0:00:10]} 73. Nxf3 1/2-1/2

[Event "Team Championship Russia (Blitz, Men)"]
[Site "Sochi"]
[Date "2018.10.10"]
[Round "11.2"]
[White "Morozevich, Alexander"]
[Black "Vastrukhin, Oleg"]
[Result "1-0"]
[BlackElo "2535"]
[WhiteElo "2677"]
[LiveChessVersion "1.4.8"]

1. e4 {[%clk 0:03:02]} e6 {[%clk 0:03:04]} 2. d4 {[%clk 0:03:03]} d5
{[%clk 0:03:05]} 3. Nc3 {[%clk 0:03:04]} Bb4 {[%clk 0:03:05]} 4. e5
{[%clk 0:03:04]} c5 {[%clk 0:03:07]} 5. a3 {[%clk 0:03:06]} Bxc3+
{[%clk 0:03:07]} 6. bxc3 {[%clk 0:03:07]} Nc6 {[%clk 0:03:08]} 7. Qg4
{[%clk 0:03:04]} g6 {[%clk 0:03:09]} 8. Nf3 {[%clk 0:02:59]} Qa5 {[%clk 0:03:05]}
9. Bd2 {[%clk 0:03:00]} c4 {[%clk 0:03:06]} 10. a4 {[%clk 0:02:43]} Bd7
{[%clk 0:03:07]} 11. Qf4 {[%clk 0:02:41]} h6 {[%clk 0:03:04]} 12. Be2
{[%clk 0:02:37]} Nge7 {[%clk 0:02:51]} 13. g4 {[%clk 0:02:22]} O-O-O
{[%clk 0:02:45]} 14. h3 {[%clk 0:02:11]} Rdf8 {[%clk 0:02:35]} 15. Kf1
{[%clk 0:02:05]} g5 {[%clk 0:02:32]} 16. Qg3 {[%clk 0:01:44]} f5 {[%clk 0:02:33]}
17. exf6 {[%clk 0:01:45]} Rxf6 {[%clk 0:02:34]} 18. h4 {[%clk 0:01:44]} Rhf8
{[%clk 0:01:56]} 19. hxg5 {[%clk 0:01:44]} hxg5 {[%clk 0:01:57]} 20. Be1
{[%clk 0:01:27]} Ng6 {[%clk 0:01:38]} 21. Nxg5 {[%clk 0:01:28]} e5
{[%clk 0:01:25]} 22. Nh7 {[%clk 0:01:29]} Rh8 {[%clk 0:01:24]} 23. Nxf6
{[%clk 0:01:11]} Rxh1+ 24. Kg2 Rxe1 {[%clk 0:01:11]} 25. Rxe1 {[%clk 0:01:14]}
Nxd4 {[%clk 0:01:13]} 26. Bd1 {[%clk 0:01:00]} Ne6 {[%clk 0:01:06]} 27. g5
{[%clk 0:00:49]} Nef4+ {[%clk 0:01:06]} 28. Kh2 {[%clk 0:00:45]} Bxa4
{[%clk 0:00:48]} 29. Rxe5 {[%clk 0:00:40]} Nxe5 {[%clk 0:00:49]} 30. Qxf4
{[%clk 0:00:41]} Qxc3 {[%clk 0:00:47]} 31. Nxd5 {[%clk 0:00:35]} Qe1
{[%clk 0:00:40]} 32. Bg4+ {[%clk 0:00:37]} Nxg4+ {[%clk 0:00:34]} 33. Qxg4+
{[%clk 0:00:38]} Kd8 {[%clk 0:00:35]} 34. Qd4 {[%clk 0:00:35]} Bc6
{[%clk 0:00:28]} 35. g6 {[%clk 0:00:16]} Ke8 {[%clk 0:00:08]} 36. Qh8+
{[%clk 0:00:11]} Kd7 {[%clk 0:00:08]} 37. Qg7+ {[%clk 0:00:12]} Kd6
{[%clk 0:00:07]} 38. Ne3 {[%clk 0:00:10]} Qh1+ 39. Kg3 Qg1+ {[%clk 0:00:07]} 40.
Kh3 {[%clk 0:00:09]} Qxf2 {[%clk 0:00:03]} 41. Qd4+ {[%clk 0:00:08]} Kc7
{[%clk 0:00:04]} 42. Nd5+ {[%clk 0:00:08]} Bxd5 43. Qxf2 1-0

[Event "Team Championship Russia (Blitz, Men)"]
[Site "Sochi"]
[Date "2018.10.10"]
[Round "11.3"]
[White "Lugovskoy, Maxim"]
[Black "Iljiushenok, Ilia"]
[Result "0-1"]
[BlackElo "2538"]
[WhiteElo "2436"]
[LiveChessVersion "1.4.8"]

1. d4 {[%clk 0:03:03]} Nf6 {[%clk 0:03:03]} 2. Nc3 {[%clk 0:03:04]} d5
{[%clk 0:03:03]} 3. Bf4 {[%clk 0:03:05]} c6 {[%clk 0:03:02]} 4. e3
{[%clk 0:03:07]} Bf5 {[%clk 0:03:01]} 5. f3 {[%clk 0:03:08]} Bg6 {[%clk 0:02:58]}
6. g4 {[%clk 0:03:09]} e6 {[%clk 0:02:54]} 7. h4 {[%clk 0:03:10]} h5
{[%clk 0:02:51]} 8. g5 {[%clk 0:03:11]} Ng8 {[%clk 0:02:51]} 9. Nge2
{[%clk 0:03:08]} Nd7 {[%clk 0:02:15]} 10. Bh3 {[%clk 0:02:59]} Ne7
{[%clk 0:02:02]} 11. e4 {[%clk 0:03:00]} Nc8 {[%clk 0:01:51]} 12. Qd2
{[%clk 0:02:58]} Bd6 {[%clk 0:01:47]} 13. e5 {[%clk 0:02:52]} Bb4
{[%clk 0:01:46]} 14. Bg3 {[%clk 0:02:53]} Ne7 {[%clk 0:01:45]} 15. Nf4
{[%clk 0:02:52]} Bf5 {[%clk 0:01:44]} 16. Bg2 g6 17. a3 {[%clk 0:02:40]} Bxc3
{[%clk 0:01:44]} 18. bxc3 {[%clk 0:02:41]} Nb6 {[%clk 0:01:41]} 19. Bf1
{[%clk 0:02:40]} Nc4 {[%clk 0:01:42]} 20. Bxc4 {[%clk 0:02:40]} dxc4
{[%clk 0:01:43]} 21. a4 {[%clk 0:02:32]} Nd5 {[%clk 0:01:41]} 22. Rb1
{[%clk 0:02:33]} Rb8 {[%clk 0:01:39]} 23. Ne2 {[%clk 0:02:11]} O-O
{[%clk 0:01:38]} 24. O-O {[%clk 0:02:11]} Qa5 {[%clk 0:01:35]} 25. Be1
{[%clk 0:02:06]} Qxa4 {[%clk 0:01:30]} 26. Rc1 {[%clk 0:02:08]} b5
{[%clk 0:01:22]} 27. Ng3 {[%clk 0:02:09]} a5 {[%clk 0:01:01]} 28. Qe2
{[%clk 0:01:57]} Qa3 {[%clk 0:00:56]} 29. Bd2 {[%clk 0:01:55]} Qe7
{[%clk 0:00:51]} 30. Ne4 {[%clk 0:01:57]} Rb6 {[%clk 0:00:49]} 31. Nf6+
{[%clk 0:01:56]} Kh8 {[%clk 0:00:45]} 32. f4 {[%clk 0:01:56]} Nxf6
{[%clk 0:00:44]} 33. gxf6 {[%clk 0:01:56]} Qd7 {[%clk 0:00:46]} 34. Kh2
{[%clk 0:01:46]} Bg4 {[%clk 0:00:44]} 35. Qe3 {[%clk 0:01:48]} Bf5
{[%clk 0:00:45]} 36. Rg1 {[%clk 0:01:48]} Qd5 {[%clk 0:00:39]} 37. Rce1
{[%clk 0:01:49]} b4 {[%clk 0:00:33]} 38. Rg5 {[%clk 0:01:50]} bxc3
{[%clk 0:00:27]} 39. Bxc3 {[%clk 0:01:52]} Rfb8 {[%clk 0:00:18]} 40. Qe2
{[%clk 0:01:52]} Rb1 {[%clk 0:00:15]} 41. Rgg1 {[%clk 0:01:09]} Rxe1
{[%clk 0:00:15]} 42. Rxe1 {[%clk 0:01:10]} a4 {[%clk 0:00:16]} 43. Qf2
{[%clk 0:01:08]} a3 {[%clk 0:00:15]} 44. Ra1 {[%clk 0:01:06]} Ra8
{[%clk 0:00:17]} 45. Bb4 {[%clk 0:01:01]} a2 46. c3 Qe4 {[%clk 0:00:13]} 47. Rxa2
{[%clk 0:00:33]} Rxa2 48. Qxa2 Qxf4+ {[%clk 0:00:14]} 49. Kg1 {[%clk 0:00:37]}
Qg3+ {[%clk 0:00:11]} 50. Qg2 {[%clk 0:00:38]} Qe1+ {[%clk 0:00:10]} 51. Qf1
{[%clk 0:00:39]} Qxh4 {[%clk 0:00:08]} 52. Qxc4 {[%clk 0:00:31]} Qg3+ 53. Kf1
Bd3+ {[%clk 0:00:08]} 0-1

[Event "Team Championship Russia (Blitz, Men)"]
[Site "Sochi"]
[Date "2018.10.10"]
[Round "11.4"]
[White "Indjic, Aleksandar"]
[Black "Oganian, Miran"]
[Result "1-0"]
[BlackElo "2466"]
[WhiteElo "2606"]
[LiveChessVersion "1.4.8"]

1. d4 {[%clk 0:03:01]} Nf6 {[%clk 0:03:03]} 2. Nf3 {[%clk 0:03:02]} d5
{[%clk 0:03:04]} 3. c4 {[%clk 0:03:02]} e6 {[%clk 0:03:03]} 4. Nc3
{[%clk 0:03:03]} dxc4 {[%clk 0:03:03]} 5. e4 {[%clk 0:03:02]} Bb4
{[%clk 0:03:04]} 6. Bxc4 {[%clk 0:03:02]} Nxe4 {[%clk 0:03:02]} 7. O-O
{[%clk 0:03:03]} Nxc3 {[%clk 0:03:00]} 8. bxc3 {[%clk 0:03:03]} Be7
{[%clk 0:03:00]} 9. Re1 {[%clk 0:03:00]} O-O {[%clk 0:02:58]} 10. Ne5
{[%clk 0:03:01]} Nc6 {[%clk 0:02:57]} 11. Qg4 {[%clk 0:02:51]} Nxe5
{[%clk 0:02:36]} 12. dxe5 {[%clk 0:02:51]} Kh8 {[%clk 0:02:28]} 13. h4
{[%clk 0:02:46]} f5 {[%clk 0:02:20]} 14. exf6 {[%clk 0:02:26]} Bxf6
{[%clk 0:02:21]} 15. Ba3 {[%clk 0:02:00]} Be7 {[%clk 0:02:10]} 16. Rad1
{[%clk 0:01:19]} Qe8 {[%clk 0:02:11]} 17. Bxe7 {[%clk 0:01:18]} Qxe7
{[%clk 0:02:11]} 18. Re5 {[%clk 0:01:19]} Bd7 {[%clk 0:01:35]} 19. Qg3
{[%clk 0:00:57]} Rad8 {[%clk 0:01:28]} 20. Rde1 {[%clk 0:00:54]} Rf6
{[%clk 0:01:24]} 21. h5 {[%clk 0:00:56]} Rdf8 {[%clk 0:01:20]} 22. f3
{[%clk 0:00:55]} Qd6 {[%clk 0:01:16]} 23. Qf2 {[%clk 0:00:53]} a6
{[%clk 0:01:09]} 24. Bb3 {[%clk 0:00:52]} Rf5 {[%clk 0:00:44]} 25. Rxf5
{[%clk 0:00:41]} exf5 {[%clk 0:00:41]} 26. Rd1 {[%clk 0:00:38]} Qe7
{[%clk 0:00:30]} 27. h6 {[%clk 0:00:39]} Bc6 {[%clk 0:00:25]} 28. Qd4
{[%clk 0:00:37]} Qf6 {[%clk 0:00:24]} 29. Qxf6 {[%clk 0:00:37]} gxf6
{[%clk 0:00:24]} 30. Bc2 {[%clk 0:00:39]} f4 {[%clk 0:00:19]} 31. Bf5
{[%clk 0:00:38]} Re8 {[%clk 0:00:15]} 32. Kf2 {[%clk 0:00:39]} Kg8
{[%clk 0:00:15]} 33. Rd4 {[%clk 0:00:40]} Re5 {[%clk 0:00:11]} 34. Rxf4
{[%clk 0:00:39]} Kf7 {[%clk 0:00:07]} 35. g4 {[%clk 0:00:36]} Ra5
{[%clk 0:00:05]} 36. Bxh7 {[%clk 0:00:36]} Rxa2+ {[%clk 0:00:06]} 37. Kg3
{[%clk 0:00:38]} Ra1 {[%clk 0:00:07]} 38. g5 {[%clk 0:00:37]} Rg1+
{[%clk 0:00:08]} 39. Kf2 {[%clk 0:00:32]} Rxg5 {[%clk 0:00:09]} 40. Bf5
{[%clk 0:00:32]} Rh5 {[%clk 0:00:07]} 41. h7 {[%clk 0:00:33]} Bd5
{[%clk 0:00:04]} 42. Rg4 {[%clk 0:00:33]} Kf8 {[%clk 0:00:06]} 43. Rd4
{[%clk 0:00:31]} Bf7 {[%clk 0:00:04]} 44. Rd7 {[%clk 0:00:29]} a5
{[%clk 0:00:03]} 45. Rxc7 {[%clk 0:00:29]} a4 {[%clk 0:00:04]} 46. Rxb7 a3 47.
Ra7 {[%clk 0:00:28]} a2 {[%clk 0:00:07]} 48. Bd3 {[%clk 0:00:28]} Kg7
{[%clk 0:00:04]} 49. Kg2 {[%clk 0:00:21]} Rg5+ {[%clk 0:00:03]} 50. Kf2
{[%clk 0:00:22]} Rh5 {[%clk 0:00:05]} 51. Kg3 {[%clk 0:00:12]} Kh8
{[%clk 0:00:06]} 52. c4 {[%clk 0:00:12]} Bxc4 {[%clk 0:00:05]} 53. Bxc4
{[%clk 0:00:11]} Rxh7 {[%clk 0:00:06]} 54. Rxa2 {[%clk 0:00:11]} Rd7
{[%clk 0:00:06]} 55. Be6 {[%clk 0:00:10]} Rd6 {[%clk 0:00:07]} 56. Bf5
{[%clk 0:00:11]} Kg7 {[%clk 0:00:08]} 57. Kg4 {[%clk 0:00:12]} Rd4+
{[%clk 0:00:08]} 58. f4 {[%clk 0:00:14]} Rd1 {[%clk 0:00:09]} 59. Ra7+
{[%clk 0:00:14]} Kf8 {[%clk 0:00:10]} 60. Be6 {[%clk 0:00:15]} Ke8
{[%clk 0:00:05]} 61. Kf5 {[%clk 0:00:15]} Rd4 {[%clk 0:00:04]} 62. Rh7
{[%clk 0:00:09]} Rb4 {[%clk 0:00:05]} 63. Rd7 {[%clk 0:00:05]} Kf8
{[%clk 0:00:04]} 64. Kxf6 {[%clk 0:00:04]} Rxf4+ {[%clk 0:00:04]} 65. Bf5
{[%clk 0:00:05]} Ke8 {[%clk 0:00:05]} 66. Rd6 {[%clk 0:00:07]} Rf2
{[%clk 0:00:03]} 67. Re6+ {[%clk 0:00:08]} Kd8 {[%clk 0:00:05]} 68. Rc6
{[%clk 0:00:09]} 1-0

[Event "Team Championship Russia (Blitz, Men)"]
[Site "Sochi"]
[Date "2018.10.10"]
[Round "11.5"]
[White "Ponkratov, Pavel"]
[Black "Zvjaginsev, Vadim"]
[Result "1-0"]
[BlackElo "2669"]
[WhiteElo "2647"]
[LiveChessVersion "1.4.8"]

1. e4 {[%clk 0:03:02]} c5 {[%clk 0:03:03]} 2. Nf3 {[%clk 0:03:03]} Nc6
{[%clk 0:03:05]} 3. d4 {[%clk 0:03:04]} cxd4 {[%clk 0:03:06]} 4. Nxd4
{[%clk 0:03:05]} g6 {[%clk 0:03:07]} 5. Nb3 {[%clk 0:03:01]} Bg7 {[%clk 0:03:04]}
6. Nc3 {[%clk 0:03:02]} d6 {[%clk 0:03:02]} 7. Be2 {[%clk 0:02:55]} Be6
{[%clk 0:03:02]} 8. Be3 {[%clk 0:02:54]} Rc8 {[%clk 0:02:59]} 9. O-O
{[%clk 0:02:49]} Bxc3 {[%clk 0:02:52]} 10. bxc3 {[%clk 0:02:50]} Nf6
{[%clk 0:02:53]} 11. Nd4 {[%clk 0:02:37]} Qd7 {[%clk 0:02:37]} 12. Bd3
{[%clk 0:02:28]} O-O {[%clk 0:02:28]} 13. f4 {[%clk 0:02:28]} Ng4
{[%clk 0:02:16]} 14. Bd2 {[%clk 0:02:28]} Nxd4 {[%clk 0:02:12]} 15. cxd4 f5
{[%clk 0:01:57]} 16. d5 {[%clk 0:02:30]} Bf7 {[%clk 0:01:54]} 17. exf5
{[%clk 0:02:31]} gxf5 {[%clk 0:01:54]} 18. Qf3 {[%clk 0:02:24]} Nf6
{[%clk 0:01:43]} 19. c4 {[%clk 0:02:25]} b5 {[%clk 0:01:45]} 20. Qh3
{[%clk 0:02:20]} Bg6 {[%clk 0:01:41]} 21. cxb5 {[%clk 0:02:16]} Qb7
{[%clk 0:01:35]} 22. Bxf5 {[%clk 0:01:59]} Bxf5 {[%clk 0:01:10]} 23. Qxf5
{[%clk 0:02:00]} Qxd5 {[%clk 0:01:06]} 24. Qxd5+ {[%clk 0:01:57]} Nxd5
{[%clk 0:01:07]} 25. a4 {[%clk 0:01:59]} Rc2 {[%clk 0:01:04]} 26. Rf2
{[%clk 0:01:58]} Nxf4 {[%clk 0:01:03]} 27. Be3 {[%clk 0:01:51]} Rxf2
{[%clk 0:00:38]} 28. Bxf2 {[%clk 0:01:52]} Ne2+ {[%clk 0:00:40]} 29. Kf1
{[%clk 0:01:53]} Nd4 {[%clk 0:00:40]} 30. Ra2 {[%clk 0:01:45]} e5
{[%clk 0:00:29]} 31. g3 {[%clk 0:01:43]} Rf3 {[%clk 0:00:25]} 32. Kg2
{[%clk 0:01:21]} Rb3 {[%clk 0:00:26]} 33. Bxd4 {[%clk 0:01:08]} exd4
{[%clk 0:00:27]} 34. Rc2 {[%clk 0:01:08]} d3 {[%clk 0:00:23]} 35. Rc8+
{[%clk 0:01:02]} Kf7 {[%clk 0:00:23]} 36. Kf2 {[%clk 0:01:03]} Ke6
{[%clk 0:00:18]} 37. Rc7 {[%clk 0:01:04]} Rb2+ {[%clk 0:00:13]} 38. Ke3
{[%clk 0:01:05]} d2 {[%clk 0:00:14]} 39. Ke2 {[%clk 0:01:06]} Kd5
{[%clk 0:00:10]} 40. Rxa7 {[%clk 0:01:05]} Kd4 {[%clk 0:00:12]} 41. Rxh7
{[%clk 0:01:02]} d1=Q+ {[%clk 0:00:09]} 42. Kxd1 {[%clk 0:01:03]} Kd3
{[%clk 0:00:11]} 43. Kc1 {[%clk 0:00:51]} Rc2+ {[%clk 0:00:12]} 44. Kb1 d5 45.
Rd7 {[%clk 0:00:49]} Rc5 {[%clk 0:00:15]} 46. b6 {[%clk 0:00:48]} 1-0

[Event "Team Championship Russia (Blitz, Men)"]
[Site "Sochi"]
[Date "2018.10.10"]
[Round "11.7"]
[White "Gutenev, Alexander"]
[Black "Kobalia, Mikhail"]
[Result "1-0"]
[BlackElo "2492"]
[WhiteElo "2440"]
[LiveChessVersion "1.4.8"]

1. e4 {[%clk 0:03:03]} e5 {[%clk 0:03:04]} 2. Nf3 Nc6 3. Bb5 {[%clk 0:03:05]} g6
{[%clk 0:03:05]} 4. d4 {[%clk 0:03:02]} exd4 {[%clk 0:03:06]} 5. Bg5
{[%clk 0:03:02]} Be7 {[%clk 0:03:07]} 6. Bxe7 {[%clk 0:03:03]} Qxe7
{[%clk 0:03:08]} 7. Bxc6 {[%clk 0:03:04]} dxc6 {[%clk 0:03:09]} 8. Qxd4
{[%clk 0:03:04]} Nf6 {[%clk 0:03:10]} 9. Nc3 {[%clk 0:03:05]} Bg4
{[%clk 0:03:12]} 10. Nd2 {[%clk 0:03:01]} a5 {[%clk 0:02:58]} 11. h3
{[%clk 0:02:57]} Be6 {[%clk 0:02:49]} 12. f4 {[%clk 0:02:13]} h5 {[%clk 0:02:33]}
13. O-O-O {[%clk 0:01:54]} c5 {[%clk 0:02:31]} 14. Qe5 {[%clk 0:01:41]} Bc8
{[%clk 0:01:36]} 15. Nb5 {[%clk 0:01:30]} Kf8 {[%clk 0:01:20]} 16. Nxc7
{[%clk 0:01:24]} Ra7 {[%clk 0:01:22]} 17. Nc4 {[%clk 0:01:13]} Qxe5 18. fxe5
{[%clk 0:01:14]} Nxe4 {[%clk 0:00:46]} 19. Rhe1 {[%clk 0:00:49]} Ng5
{[%clk 0:00:46]} 20. Rd8+ {[%clk 0:00:33]} Kg7 {[%clk 0:00:47]} 21. Ne8+
{[%clk 0:00:34]} Rxe8 {[%clk 0:00:40]} 22. Rxe8 {[%clk 0:00:35]} Be6
{[%clk 0:00:39]} 23. Nd6 {[%clk 0:00:34]} h4 {[%clk 0:00:39]} 24. Rb8
{[%clk 0:00:33]} c4 {[%clk 0:00:35]} 25. Rd1 {[%clk 0:00:28]} c3 {[%clk 0:00:36]}
26. bxc3 {[%clk 0:00:26]} Bxa2 {[%clk 0:00:37]} 27. Rd4 {[%clk 0:00:24]} a4
{[%clk 0:00:37]} 28. Ne8+ {[%clk 0:00:23]} Kf8 {[%clk 0:00:37]} 29. Nf6+
{[%clk 0:00:23]} 1-0